Elektroenergetika jevropskich stran členov Soveta ekonomičeskoj vzaimopomošči /

Salvato in:
Dettagli Bibliografici
Altri autori: Neporožneg, P.S (Compilatore)
Natura: Libro
Lingua:russo
Pubblicazione: Moskva : Energoizdat, 1981
Tags: Aggiungi Tag
Nessun Tag, puoi essere il primo ad aggiungerne!!

MARC

LEADER 00000nam a22000003a 4500
001 stu90608
005 20150617225623.4
008 041004s1981------------------------rus-d
040 |a STU  |b slo 
041 0 |a rus 
080 |a 621.31 
100 1 |a Neporožneg, P.S.  |4 com 
245 1 |a Elektroenergetika jevropskich stran členov Soveta ekonomičeskoj vzaimopomošči /  |c Ed.: Neporožneg, P.S 
260 |a Moskva :  |b Energoizdat,  |c 1981 
300 |a 167 s 
996 |b E49668  |c E*48668  |l EE06  |s P  |a 0  |w stu90608_0001